000 00462nam a2200205Ia 4500
008 210210b1962 xxu||||| |||| 00| 0 eng d
041 _aeng
082 _a886/65
100 _aTHIBANT (Ji)
245 _aVedAnta sUtras I by Max Muller
260 _aDelhi
_bMotilal banarasidas
_c1962
650 _aVedAnta
650 _asUtras
650 _aMuller
650 _aMax
650 _aI
650 _aby
690 _aSanskrit Criticism
906 _a024572
999 _c150109
_d150109